| 000 | 00744nam a2200229 4500 | ||
|---|---|---|---|
| 001 | 151876 | ||
| 003 | ES-MaACL | ||
| 005 | 20230906204427.0 | ||
| 008 | 950308q18201850sp |||| | spa d | ||
| 040 |
_aEUS _bspa _cEUS |
||
| 080 | _a261.7 | ||
| 100 | 0 |
_aBenoit, A. V. _927751 |
|
| 245 | 1 | 0 |
_aDe la libertad religiosa / _ctraducido del francés del Señor A.V. Benoit ; por Josef Marchena. |
| 260 |
_aBarcelona : _b[s.n., _cs.a.] |
||
| 300 |
_a510 p. ; _c22 cm. |
||
| 596 | _aBNP, recoge edición en Montpellier en 1820. | ||
| 596 | _aLa producción de Josef Marchena ca. 1820-1850. | ||
| 650 | 4 |
_aLibertad religiosa. _914416 |
|
| 700 | 0 |
_aMarchena, José. _976419 |
|
| 852 |
_aES-MaACL _jC-3336 _z-- Enc. hol. |
||
| 999 |
_c151876 _d151876 |
||